LEADER 01556nam 2200517 450 001 9910796086503321 005 20200520144314.0 010 $a1-118-70340-5 010 $a1-118-70339-1 035 $a(CKB)24989722600041 035 $a(NjHacI)9924989722600041 035 $a(JP-MeL)3000111227 035 $a(Au-PeEL)EBL7103966 035 $a(OCoLC)1347023933 035 $a(MiAaPQ)EBC1998747 035 $a(EXLCZ)9924989722600041 100 $a20150626h20152015 uy 0 101 0 $aeng 135 $aur||||||||||| 181 $ctxt$2rdacontent 182 $cc$2rdamedia 183 $acr$2rdacarrier 200 10$aHow to succeed at medical school $ean essential guide to learning /$fDason Evans, Jo Brown 205 $aSecond edition. 210 1$aWest Sussex, England :$cBMJ Books,$d2015. 210 4$d2015 215 $a1 online resource (275 pages) $cillustrations 300 $a"BMJ Books" 300 $aIncludes bibliographical references and index 320 $aIncludes bibliographical references and index. 606 $aMedical education$zUnited States 606 $aMedical students$xTraining of 615 0$aMedical education 615 0$aMedical students$xTraining of. 676 $a610.71/1 686 $a490.7$2njb/09 686 $aW 18$2njb/09 700 $aEvans$b Dason$01491554 702 $aBrown$b Jo 801 0$bMiAaPQ 801 1$bMiAaPQ 801 2$bMiAaPQ 906 $aBOOK 912 $a9910796086503321 996 $aHow to succeed at medical school$93713403 997 $aUNINA LEADER 01117nas 22003731a 450 001 996205448503316 005 20240413021123.0 011 $a2064-3047 035 $a(CKB)954928466017 035 $a(CONSER) 54031267 035 $a(DE-599)ZDB2557469-3 035 $a(EXLCZ)99954928466017 100 $a20750720b19511982 uy a 101 0 $aeng 181 $ctxt$2rdacontent 182 $cc$2rdamedia 183 $acr$2rdacarrier 200 00$aActa physica Academiae Scientiarum Hungaricae 210 $a[Budapest] $cAkade?miai Kiado?$d-1982 215 $a1 online resource 311 08$aPrint version: Acta physica Academiae Scientiarum Hungaricae. 0001-6705 (DLC) 54031267 (OCoLC)1460972 606 $aPhysics$vPeriodicals 606 $aPhysik$2swd 606 $aZeitschrift$2swd 615 0$aPhysics 615 07$aPhysik. 615 07$aZeitschrift. 676 $a530.5 712 02$aMagyar Tudoma?nyos Akade?mia. 906 $aJOURNAL 912 $a996205448503316 920 $aexl_impl conversion 996 $aActa physica Academiae Scientiarum Hungaricae$9802373 997 $aUNISA